El camino de la democracia en México (Record no. 98538)

MARC details
000 -LEADER
fixed length control field 01048cam a2200277 4500
005 - DATE AND TIME OF LATEST TRANSACTION
control field 20210804095654.0
008 - FIXED-LENGTH DATA ELEMENTS--GENERAL INFORMATION
fixed length control field 210520b mx ||||| |||| 00| 0 spa d
020 ## - INTERNATIONAL STANDARD BOOK NUMBER
International Standard Book Number 9706283471
050 04 - LIBRARY OF CONGRESS CALL NUMBER
Classification number JL1231
Item number C36 1998
245 13 - TITLE STATEMENT
Title El camino de la democracia en México
Statement of responsibility, etc / Andrade Sánchez,...[et al] ; compiladora Patricia Galeana
250 ## - EDITION STATEMENT
Edition statement 1a. ed.
260 ## - PUBLICATION, DISTRIBUTION, ETC. (IMPRINT)
Place of publication, distribution, etc México :
Name of publisher, distributor, etc Archivo General de la Nación Comité de Biblioteca e Informática de la Cámara de Diputados Instituto de Investigaciones Jurídicas de la UNAM,
Date of publication, distribution, etc 1998
300 ## - PHYSICAL DESCRIPTION
Extent 501 p. :
Other physical details il. ;
Dimensions 21 cm.
504 ## - BIBLIOGRAPHY, ETC. NOTE
Bibliography, etc incluye bibliografía
506 ## - RESTRICTIONS ON ACCESS NOTE
Terms governing access Fomes 2003
650 #7 - SUBJECT ADDED ENTRY--TOPICAL TERM
Source of heading or term lemb
Topical term or geographic name as entry element Democracia
Geographic subdivision México
650 #7 - SUBJECT ADDED ENTRY--TOPICAL TERM
Source of heading or term lemb
Topical term or geographic name as entry element Elecciones
Geographic subdivision México
650 #7 - SUBJECT ADDED ENTRY--TOPICAL TERM
Source of heading or term lemb
Topical term or geographic name as entry element Soberanía
Geographic subdivision México
651 #7 - SUBJECT ADDED ENTRY--GEOGRAPHIC NAME
Source of heading or term lemb
Geographic name México
General subdivision Política y gobierno
700 1# - ADDED ENTRY--PERSONAL NAME
Personal name Galeana, Patricia
Relator term compilador
700 1# - ADDED ENTRY--PERSONAL NAME
Personal name Sánchez, Andrade
Relator term autor
700 1# - ADDED ENTRY--PERSONAL NAME
Personal name Hernández, Castellanos
Relator term autor
700 1# - ADDED ENTRY--PERSONAL NAME
Personal name Campos, Cordera
Relator term autor
700 1# - ADDED ENTRY--PERSONAL NAME
Personal name Gasperín, Elizondo
Relator term autor
942 ## - ADDED ENTRY ELEMENTS (KOHA)
Source of classification or shelving scheme Biblioteca del Cogreso de los Estados Unidos
Koha item type Libro
Holdings
Estado de pérdida Fuente de clasificación Estado del daño No para préstamo Ubicación permanente Ubicación actual Apartado o colección Fecha de adquisición Edición Dependencia de educación superior (DES) Área del conocimiento Total Checkouts Clasificación Código de Barras Date last seen Date checked out Número de copia Costo por reposición Tipo de recurso
  Biblioteca del Cogreso de los Estados Unidos     Biblioteca de la Facultad de Derecho y Ciencias Sociales "Felipe J. Tena" Biblioteca de la Facultad de Derecho y Ciencias Sociales "Felipe J. Tena" General 27/07/2021 1a ed. Derecho Ciencias Sociales y Administrativas 1 JL1231 C36 1998 BFD000012646 10/02/2026 10/02/2026 1 1.00 Libro